000 00987nam0a22002651 4500
001 v19\rc\1832272
005 20071224120744.9
035 _a(NLR Aleph) 004927531
090 _a5644369
_c5644369
100 _a20071224d1908 |||y0rusy50 ca
101 0 _arus
102 _aRU
105 _aa z |||||
200 1 _aЗначение формиково-углекислых ванн и терапевтическое их применение
_f[К.М. Зачек, владелец лаб. "Наугейм-Шпрудель"]
210 _aСанкт-Петербург
_cлаб. "Наугейм-Шпрудель"
_d[1908]
215 _a15 с.
_cил.
_d21
300 _aАвт. указан в конце текста
700 1 _aЗачек
_bК. М.
_gКонстантин Марцеллович
801 0 _aRU
_bNLR
_gpsbo
801 0 _aRU
_bRuMoRGB
_2psbo
801 1 _aRU
_bProSoft-M
_2rusmarc
852 _aNLR
_j34.84.4.769
899 _aRuMoRGB
_jP 22/484
942 _cBOOK
980 _aNB